000 02548ngm a2200421 4500
003 dpl
005 20100303154832.0
007 DVD
008 ||||||sp199 xxu|||||c ||| 00| 0 ng d
010 _aDVD-005825-5832
024 _aTSDVD-1032
_c49.00
035 _aDVD-005825-5832
040 _aDPL
_cDPL
082 _aDVD DAAG
245 _aDaag The Fire
_cRaj Kanwar Film Presents
_h[videorecording] DVD/
260 _bSuper Cassette Industries
300 _a1 videodisc DVD;
_bsd., col. ;
_c4 3/4 in.
_fDVD
440 _aT Series Home Entertainment
538 _aDolby Digital 5.1 - Hindi Subtitles: English
650 _aMotion Picture
700 _aPappu, K.
700 _aRajesh Roshan
700 _aSameer
700 _aDutt, Sanjay
700 _aSingh, Chandrachur
700 _aChaudhry, Mahima
700 _aKapoor, Shakti
942 _cCF
_2ddc
_hDVD
_mDAAG
999 _c34359
_d34359